=LDR 00000nam 2200000 4500 =001 INLIS000000000043947 =005 20210617094337 =035 ##$$a 0010-101300000001869 =008 210617################g##########0#ind## =041 ##$$a ind =082 ##$$a 341.6 =090 ##$$a 341.6, Har p =100 ##$$a Haryomataram =245 1#$$a Pengantar hukum humaniter /$c Prof. KGPH. Haryomataram, S.H., ; editor, Kushartoyo BS., S.H., M.H =260 ##$$a Jakarta :$b Rajawali Pers,$c 2005 =300 ##$$a x, 267 hlm, ; $c 21 x 14 cm. =650 #4$$a Hukum - Humaniter =850 ##$$a NBPNMAT =020 ##$$a 979-3654-66-x =084 ##$$a 341.6 HAR p =250 ##$$a cet. 1 =700 #$$a Kushartoyo =990 ##$$a 20611841 =990 ##$$a 20611843